Statistics for The Americas Geography By Letter H - Picture Quiz

Click here to take the quiz!

General Stats

  • This quiz has been taken 335 times
  • The average score is 13 of 18

Answer Stats

Answer% Correct
Honduras
97%
Haiti
93%
Havana
92%
{Hoover} Dam
90%
{Harvard} University
89%
Hurricane
89%
Lake {Huron}
89%
Houston
85%
Hispaniola
82%
Hummingbird
82%
Hudson Bay
78%
Cape {Horn}
77%
Hare
75%
Halifax
62%
{Horseshoe} Bend
52%
Hartford
46%
Hidalgo
19%
{Hercules} Beetle
9%

Score Distribution

Percentile by Number Answered

Percent of People with Each Score

Your Score History

You have not taken this quiz